Score 0/26 Timer 03:00
0 Plays Today
Mixed Word Answer % Correct
EEEVNLELEVEN
97.9%
EHESCECHEESE
96.7%
ONDONLLONDON
96%
NCREAFFRANCE
95.9%
CEPINRPRINCE
95.2%
CJKATEJACKET
94.8%
TEVLOIVIOLET
93.9%
NEREVDDENVER
93.9%
UANUSRURANUS
93.5%
GERAONORANGE
93.4%
NINKPANAPKIN
92.7%
RAATEKKARATE
92.4%
IENGNBBENIGN
91.2%
Mixed Word Answer % Correct
UNEQESQUEENS
88.3%
RLSFUUSULFUR
88.3%
DTGEAGGADGET
86.2%
MTLHEEHELMET
83%
RWTEAHWREATH
83%
HUTAROAUTHOR
75.4%
KOZISNZOINKS
61%
UMDNIIINDIUM
60.8%
IONARMMARINO
59.1%
UCONATTOUCAN
57.7%
ETNAIRRETINA
55.4%
KEYAENYANKEE
48.8%
YEXLENXYLENE
32.2%
Remove Ads.
Support Sporcle.
Get the best of Sporcle when you Go Orange. This ad-free experience offers more features, more stats, and more fun while also helping to support Sporcle. Thank you for becoming a member.

You're not logged in!

Compare scores with friends on all Sporcle quizzes.
OR
Log In

Show Comments

Extras

Top Quizzes Today


Score Distribution

Your Account Isn't Verified!

In order to create a playlist on Sporcle, you need to verify the email address you used during registration. Go to your Sporcle Settings to finish the process.

Report this User

Report this user for behavior that violates our Community Guidelines.

Details: